000 00484nam a2200181Ia 4500
005 20250508160355.0
008 008 250505s9999 xx 000 0 eng d
037 _aBooks to be hide in OPAC
040 _aFEDL
_beng
_cFEDL
041 _aeng
_2eng
084 _a371.3, SCH/O
_qFEDL
100 _aSchramm Wilbur
245 0 _aProgramed instruction: Today and tomorrow
260 _c1962
300 _a74p.
942 _cHB
_h371.3, SCH/O
999 _c1364178
_d1364178